000 00456nam a2200181Ia 4500
001 8636
005 20260306160624.0
008 260306t2013||||xx |||||||||||||| ||spa||
041 _aESP
082 _a371.2012
_bA49
100 _aÁlvarez, Manuel
_eAUT
245 0 _aLiderazgo compartido:
_bbuenas prácticas de dirección escolar
260 _c2013
300 _a222 páginas :
_c24 cm.
650 _aGEN
654 _aCED
942 _cLIB
_dJUS
_fJUS
_2ddc
_n
999 _c8636
_d8636